Advanced analytical geometry and vector analysis/ (Record no. 12122)
[ view plain ]
| 000 -LEADER | |
|---|---|
| fixed length control field | 00774 a2200217 4500 |
| 010 ## - LIBRARY OF CONGRESS CONTROL NUMBER | |
| LC control number | ENG-90122 |
| 020 ## - INTERNATIONAL STANDARD BOOK NUMBER | |
| Terms of availability | 325.00 |
| International Standard Book Number | 8187134070 |
| 035 ## - SYSTEM CONTROL NUMBER | |
| System control number | EN-73655 |
| 037 ## - SOURCE OF ACQUISITION | |
| Source of stock number/acquisition | DBAD / PUB |
| 082 14 - DEWEY DECIMAL CLASSIFICATION NUMBER | |
| Classification number | 516.3 |
| 090 ## - LOCALLY ASSIGNED LC-TYPE CALL NUMBER (OCLC); LOCAL CALL NUMBER (OCLC) | |
| -- | 12480 |
| -- | 12480 |
| 100 1# - MAIN ENTRY--PERSONAL NAME | |
| Personal name | Kar, B.K. |
| 245 1# - TITLE STATEMENT | |
| Title | Advanced analytical geometry and vector analysis/ |
| Statement of responsibility, etc | by B.K. Kar |
| 260 ## - PUBLICATION, DISTRIBUTION, ETC. (IMPRINT) | |
| Place of publication, distribution, etc | Kolkata |
| Name of publisher, distributor, etc | Books and Allied |
| Date of publication, distribution, etc | 2008 |
| 270 ## - ADDRESS | |
| Address | No.1-E(1) "Shubham Plaza" Ist Floor, 83/1, Beliaghata Main Road, |
| City | Kolkata |
| Postal code | 700010 |
| State or province | Kolkata |
| Telephone number | 913365353844 |
| Fax number | 03323582127 |
| Electronic mail address | boks@cal.vsnl.net.in |
| 300 ## - PHYSICAL DESCRIPTION | |
| Extent | xvi, 925, 7p. |
| Dimensions | 24 cm ( Pbk.) |
| 500 ## - GENERAL NOTE | |
| General note | Includes index |
| 700 ## - ADDED ENTRY--PERSONAL NAME | |
| Personal name | . |
| 942 ## - ADDED ENTRY ELEMENTS (KOHA) | |
| Institution code [OBSOLETE] | dpl |
| Koha item type | English Books |
| Call number prefix | 516.3 / KAR |
| Withdrawn status | Lost status | Source of classification or shelving scheme | Damaged status | Not for loan | Collection code | Home library | Current library | Source of acquisition | Cost, normal purchase price | Total Checkouts | Full call number | Barcode | Date last seen | Copy number | Uniform Resource Identifier | Cost, replacement price | Price effective from | Koha item type |
|---|---|---|---|---|---|---|---|---|---|---|---|---|---|---|---|---|---|---|
| Dewey Decimal Classification | Not For Loan | Non-fiction | D.B.Act.Division | D.B.Act.Division | DBAD/PUB | 325.00 | 516.3 KAR | EN-73655 | 15/09/2008 | 1 | 13278 | 325.00 | 15/09/2008 | English Books |
